Food science (Record no. 395624)

MARC details
000 -LEADER
fixed length control field 00475 a2200193 4500
005 - DATE & TIME
control field 20260401120312.0
008 - FIXED-LENGTH DATA ELEMENTS--GENERAL INFORMATION
fixed length control field 260324b |||||||| |||| 00| 0 eng d
020 ## - ISBN
International Standard Book Number 9789360749118
Price Rs. 575.00
040 ## - CATALOGING SOURCE
Original cataloging agency VIVEKANANDA LIBRARY
082 ## - DDC NUMBER
Classification number 664
Book Number S32F(9)
100 ## - MAIN ENTRY--PERSONAL NAME
Personal name Srilakshmi, B
245 ## - TITLE STATEMENT
Title Food science
250 ## - EDITION STATEMENT
Edition statement 9th
260 ## - PUBLICATION, DISTRIBUTION, ETC. (IMPRINT)
Name of publisher, distributor, etc New Age International
Date of publication, distribution, etc 2026
Place of publication, distribution, etc New Delhi
300 ## - PHYSICAL DESCRIPTION
Pages xvii, 534
650 ## - Subject
Subject Food Technology
650 ## - Subject
Subject Hotel Management
942 ## - ADDED ENTRY ELEMENTS (KOHA)
Koha item type Books
Holdings
Withdrawn status Lost status Source of classification or shelving scheme Damaged status Not for loan Location (home branch) Sublocation or collection (holding branch) Shelving location Date acquired Koha issues (times borrowed) Koha full call number Accession No. Koha date last seen Koha item type
    Dewey Decimal Classification     VIVEKANANDA LIBRARY VIVEKANANDA LIBRARY IHTM Library 06/02/2026   664 S32F(9) 425252 06/02/2026 Books
© Designed and Maintained by Vivekananda Library, MDU Rohtak